El Valor económico y social del trabajo de la mujer en el hogar /
Trata sobre la problemática de la poca importancia que se le da al trabajo que realiza la mujer en el hogar, y que llega al extremo de no reconocer estas actividades femeninas como trabajo. Esto se produce por cuanto se parte de que, para que una actividad cualquiera sea considerada económicamente p...
Guardado en:
| 主要作者: | |
|---|---|
| 格式: | Texto |
| 主题: | |
| 标签: |
添加标签
没有标签, 成为第一个标记此记录!
|
MARC
| LEADER | 00000 a a2200000 04500 | ||
|---|---|---|---|
| 001 | 8536 | ||
| 003 | |||
| 040 | |||
| 100 | |a Colón, Baltazara | ||
| 245 | |a El Valor económico y social del trabajo de la mujer en el hogar / |c Baltazara Colón | ||
| 520 | |a Trata sobre la problemática de la poca importancia que se le da al trabajo que realiza la mujer en el hogar, y que llega al extremo de no reconocer estas actividades femeninas como trabajo. Esto se produce por cuanto se parte de que, para que una actividad cualquiera sea considerada económicamente productiva, debe haber alguien dispuesto a pagar por ella |a y, en principio, los servicios del ama de casa no son retribuídos económicamente. Además, la discriminación de las mujeres en el mercado laboral se produce cuando se traslada a éste la relación existente en el hogar entre hombre y mujer, por lo cual las actividades que ambos realizan no compiten entre sí, viéndose reforzada la segregación ocupacional por medio de las tradiciones y costumbres, con lo cual se limitan las oportunidades de empleo de las mujeres. SM/eb | ||
| 650 | |a MUJERES | ||
| 650 | |a TRABAJO | ||
| 650 | |a HOGAR | ||
| 650 | |a TRABAJADORES DOMESTICOS | ||
| 650 | |a PRODUCCION | ||
| 650 | |a DISCRIMINACION BASADA EN EL SEXO | ||
| 650 | |a COMERCIALIZACION | ||
| 650 | |a PAISES EN DESARROLLO | ||
| 650 | |a PAISES DESARROLLADOS | ||
| 650 | |a MUJERES | ||
| 650 | |a GRUPOS DE EDAD | ||
| 773 | |g volumen 10, número 2; páginas 32-39 | ||
| 999 | |c 38188 |d 38188 | ||
